Ozan'a güz çelengi / (Kayıt no. 10075)

MARC ayrıntıları
000 -BAŞLIK
Sabit Uzunluktaki Kontrol Alanı 00663nam a22002177a 4500
003 - KONTROL NUMARASI KİMLİĞİ
Kontrol Alanı KOHA_MİRAKIL
005 - EN SON İŞLEM TARİHİ ve ZAMANI
Kontrol Alanı 20260330104805.0
008 - SABİT UZUNLUKTAKİ VERİ ÖGELERİ - GENEL BİLGİ
Sabit Alan 260330b tu ||||| |||| 00| 0 tur d
020 ## - ISBN - ULUSLARARASI STANDART KİTAP NUMARASI
Isbn 97862598117439
040 ## - KATALOGLAMA KAYNAĞI
Özgün Kataloglama Kurumu TR-AnABB
Kataloglama Dili tur
Çeviri Kurumu TR-AnABB
041 ## - DİL KODU
Metin ya da ses kaydının dil kodu tur
082 ## - DEWEY ONU SINIFLAMA SİSTEMİ
Sınıflama Numarası 818.4209
Cutter numarası OZA 2024
245 00 - ESER ADI BİLDİRİMİ
Başlık Ozan'a güz çelengi /
Sorumluluk Bildirimi yayına hazırlayan: Attila Aşut
260 ## - YAYIN, DAĞITIM, VB.
Yayın Yeri Ankara :
Yayınevi Payda Yayıncılık,
Yayın Tarihi 2024
300 ## - FİZİKSEL TANIMLAMA
Sayfa, Cilt vb. 208 sayfa ;
Boyutları 21 cm
500 ## - GENEL NOT
Genel Not Yayına hazırlayan imzalı
650 04 - KONU BAŞLIĞI EK GİRİŞ - KONU TERİMİ
Konusal terim veya coğrafi ad Türk edebiyatı, anı
700 1# - EK GİRİŞ - KİŞİ ADI
Yazar Adı (Kişi adı) Aşut, Attilla,
İlişkili Terim yayına hazırlayan
9 (RLIN) 3187
900 ## - YEREL BİLGİ
Kontrol Can ÇELIK
942 ## - EK GİRİŞ ÖGELERİ (KOHA)
Sınıflama Kaynağı Dewey Decimal Classification
Materyal Türü Kitap
Mevcut
Geri Çekilme Durumu Kayıp Durumu Sınıflandırma Kaynağı Kredi için değil Kalıcı Konum Mevcut Konum Kayıt Tarih Toplam Ödünçverme Yer Numarası Demirbaş Numarası Son Görülme Tarihi Fatura Tarihi Materyal Türü
    Dewey Decimal Classification   Prof. Dr. Ruşen Keleş Kütüphanesi Prof. Dr. Ruşen Keleş Kütüphanesi 30/03/2026   818.4209 OZA 2024 RK1092 30/03/2026 30/03/2026 Kitap